[Memòria - circular de la Diputació de Barcelona sobre la 'Junta de Carreteras de Cataluña', adreçada als municipis]
Descripción Física:
14 p. ; 24 cm
Materias:
Junta de Carreteras de Cataluña
MARC
| LEADER | 00000nam a2200000Ia 4500 | ||
|---|---|---|---|
| 001 | 11703 | ||
| 008 | 160829s1870] xx 000 0 cat d | ||
| 080 | |a RF-8-22 | ||
| 110 | 1 | |a Barcelona (Catalunya : Província). |b Diputació |9 52408 | |
| 245 | |a [Memòria - circular de la Diputació de Barcelona sobre la 'Junta de Carreteras de Cataluña', adreçada als municipis] | ||
| 260 | |a [Barcelona : |b Diputació, |c 1870] | ||
| 300 | |a 14 p. ; |c 24 cm | ||
| 590 | |a Fulletó sense portada ni coberta | ||
| 610 | 0 | 0 | |a Junta de Carreteras de Cataluña |9 52562 |
| 856 | 4 | |u https://media.diba.cat/diba/fitxers/arxiu/fulletons/bib_11703_1870_baixa.pdf |y Accés lliure | |
| 856 | 4 | |u https://media.diba.cat/diba/fitxers/arxiu/fulletons/bib_11703_1870_baixa.pdf |y Accés lliure | |
| 901 | |a Arxiu | ||
| 942 | |n 1 |2 udc | ||
| 952 | |0 0 |1 0 |4 0 |6 RF822 |7 1 |9 48481 |a Arxiu |b Arxiu |d 2016-12-01 |l 0 |o RF-8-22 |p 11703 |r 2016-12-01 00:00:00 |w 2016-12-01 |y ARXIU | ||
| 999 | |c 52310 |d 52310 | ||
| 900 | |a bib_11703_1870_baixa.pdf | ||